The common fisheries policy : (Record no. 4592)
[ view plain ]
| 000 -LEADER | |
|---|---|
| fixed length control field | 01116nam a2200313 4500 |
| 001 - CONTROL NUMBER | |
| control field | 000 |
| 005 - DATE AND TIME OF LATEST TRANSACTION | |
| control field | 20150410142121.0 |
| 007 - PHYSICAL DESCRIPTION FIXED FIELD--GENERAL INFORMATION | |
| fixed length control field | 000 |
| 008 - FIXED-LENGTH DATA ELEMENTS--GENERAL INFORMATION | |
| fixed length control field | 000 |
| 010 ## - LIBRARY OF CONGRESS CONTROL NUMBER | |
| LC control number | 93239178 |
| 020 ## - INTERNATIONAL STANDARD BOOK NUMBER | |
| International Standard Book Number | 0852382057 : |
| Terms of availability | £49.50 |
| 035 ## - SYSTEM CONTROL NUMBER | |
| System control number | (OCoLC)29703990 |
| 040 ## - CATALOGING SOURCE | |
| Original cataloging agency | UOEL |
| Transcribing agency | Uk |
| Modifying agency | DNAL |
| -- | DLC |
| 042 ## - AUTHENTICATION CODE | |
| Authentication code | lccopycat |
| 050 04 - LIBRARY OF CONGRESS CALL NUMBER | |
| Classification number | SH328 |
| Item number | .H65 1994 |
| 070 0# - NATIONAL AGRICULTURAL LIBRARY CALL NUMBER | |
| Classification number | SH328.H64 |
| Item number | 1994 |
| 082 04 - DEWEY DECIMAL CLASSIFICATION NUMBER | |
| Classification number | 338.3727094 |
| Edition number | 20 |
| 100 1# - MAIN ENTRY--PERSONAL NAME | |
| Personal name | Holden, Mike. |
| 245 14 - TITLE STATEMENT | |
| Title | The common fisheries policy : |
| Remainder of title | origin, evaluation and future / |
| Statement of responsibility, etc | [by] Mike Holden. |
| 260 ## - PUBLICATION, DISTRIBUTION, ETC. (IMPRINT) | |
| Place of publication, distribution, etc | Oxford : |
| Name of publisher, distributor, etc | Fishing News Books, |
| Date of publication, distribution, etc | c1994. |
| 300 ## - PHYSICAL DESCRIPTION | |
| Extent | xiii, 274 p. : |
| Other physical details | ill., maps, port. ; |
| Dimensions | 25 cm. |
| 500 ## - GENERAL NOTE | |
| General note | "A Buckland Foundation book." |
| 504 ## - BIBLIOGRAPHY, ETC. NOTE | |
| Bibliography, etc | Includes bibliographical references (p. 269-270) and index. |
| 650 #0 - SUBJECT ADDED ENTRY--TOPICAL TERM | |
| Topical term or geographic name as entry element | Fishery policy |
| Geographic subdivision | European Economic Community countries. |
| Topical term or geographic name as entry element | Fishery management, International |
| Geographic subdivision | European Economic Community countries. |
| 906 ## - LOCAL DATA ELEMENT F, LDF (RLIN) | |
| a | 7 |
| b | cbc |
| c | copycat |
| d | 3 |
| e | ncip |
| f | 19 |
| g | y-gencatlg |
| 942 ## - ADDED ENTRY ELEMENTS (KOHA) | |
| Source of classification or shelving scheme | Library of Congress Classification |
| Item type | Loan - Normal on open shelf |
| Withdrawn status | Lost status | Source of classification or shelving scheme | Damaged status | Not for loan | Home library | Current library | Shelving location | Date acquired | Total Checkouts | Full call number | Barcode | Date last seen | Copy number | Price effective from | Koha item type | Date last borrowed |
|---|---|---|---|---|---|---|---|---|---|---|---|---|---|---|---|---|
| Library of Congress Classification | UOE Main Library | UOE Main Library | Open shelf | 10/04/2015 | SH328 .H65 1994 | 10055528 | 27/04/2026 | 10055528 | 10/04/2015 | Loan - Normal on open shelf | ||||||
| Library of Congress Classification | UOE Main Library | UOE Main Library | Open shelf | 16/04/2015 | SH328 .H65 1994 | 10055529 | 27/04/2026 | 10055529 | 16/04/2015 | Loan - Normal on open shelf | ||||||
| Library of Congress Classification | UOE Main Library | UOE Main Library | Open shelf | 16/04/2015 | 3 | SH328 .H65 1994 | 10055527 | 27/04/2026 | 10055527 | 16/04/2015 | Loan - Normal on open shelf | 28/02/2023 |
